Respuestas a la crisis educativa (Registro nro. 7982)

Detalles MARC
000 -LEADER
fixed length control field 01024 a2200229 4500
001 - CONTROL NUMBER
control field 63082
005 - DATE AND TIME OF LATEST TRANSACTION
control field 20260407155926.0
008 - FIXED-LENGTH DATA ELEMENTS--GENERAL INFORMATION
fixed length control field 260407a1994 arg spa d
003 - CONTROL NUMBER IDENTIFIER
control field AR-UNSa-BCEJYS
040 ## - CATALOGING SOURCE
Original cataloging agency AR-UNSa-BCEJYS
Language of cataloging spa
Transcribing agency AR-UNSa-BCEJYS
080 ## - UNIVERSAL DECIMAL CLASSIFICATION NUMBER
Universal Decimal Classification number 37.014
Common auxiliary subdivision Política educativa. Educación y vida pública (Intercambio de profesores y alumnos<br/>)
020 ## - INTERNATIONAL STANDARD BOOK NUMBER
International Standard Book Number 950-99091-3-2
041 ## - LANGUAGE CODE
Language code of text/sound track or separate title spa
100 1# - MAIN ENTRY--PERSONAL NAME
Personal name Braslavsky, Cecilia
245 10 - TITLE STATEMENT
Title Respuestas a la crisis educativa
264 #1 - PRODUCTION, PUBLICATION, DISTRIBUTION, MANUFACTURE, AND COPYRIGHT NOTICE
Place of production, publication, distribution, manufacture Buenos Aires :
Name of producer, publisher, distributor, manufacturer Cántaro Editores
Date of production, publication, distribution, manufacture, or copyright notice 1994
300 ## - PHYSICAL DESCRIPTION
Extent 205 p.
Dimensions 22 cm.
505 ## - FORMATTED CONTENTS NOTE
Formatted contents note 1. Educación, política y democracia – 2. Educación y transacción democrática: presentación y análisis de caos nacionales – 3. Educación y realidad estructural en América Latina – 4. Los docentes y los técnicos: ¿Actores potenciales de la transformación educativa? – 5. Hacia la revolución democrática de la educación -
590 ## - LOCAL NOTE (RLIN)
Local note niveau_biblio:m niveau_hierar:0
700 1# - ADDED ENTRY--PERSONAL NAME
Personal name Filmus, Daniel
942 ## - ADDED ENTRY ELEMENTS (KOHA)
Koha item type
Existencias
Withdrawn status Lost status Damaged status Not for loan Home library Current library Shelving location Date acquired Total checkouts Full call number Barcode Date last seen Price effective from Koha item type
        Biblioteca Prof. Eusebio Cleto del Rey Biblioteca Prof. Eusebio Cleto del Rey   07/04/2026   37.014 B823 L69923 07/04/2026 07/04/2026 Libro